Mémoires d´ outre-mère
Uloženo v:
| Hlavní autor: | |
|---|---|
| Médium: | Kniha |
| Jazyk: | Undetermined |
| Vydáno: |
Francia
Stock
2005
|
| Témata: | |
| Tagy: |
Přidat tag
Žádné tagy, Buďte první, kdo vytvoří štítek k tomuto záznamu!
|
MARC
| LEADER | 00000nam a2200000Ia 4500 | ||
|---|---|---|---|
| 008 | 170316s9999 xx 000 0 und d | ||
| 040 | |a cru BVZT | ||
| 090 | |a 840 B-7.2m | ||
| 100 | |a Bedos, Guy | ||
| 245 | |a Mémoires d´ outre-mère | ||
| 260 | |a Francia | ||
| 260 | |b Stock | ||
| 260 | |c 2005 | ||
| 300 | |a 197 páginas | ||
| 650 | |a LITERATURA FRANCESA | ||
| 650 | |a EN IDIOMA FRANCÉS | ||
| 650 | |a MEMORIAS | ||
| 999 | |c 7556 |d 7556 | ||
| 942 | |c 15 D |h 840 B-7.2m |2 z | ||
